000
00251nam a2200097Ia 4500
008
190216s9999||||xx |||||||||||||| ||und||
100
_a
Sadasivan S N
245
0
_a
Hindi-Pathre Vyavahar Naya Anuvad
260
_b
"Kitab Bhavan, New Delhi-2"
942
_c
BK
999
_c
18118
_d
18118